LEADER 01359nam 2200373Ia 450 001 996389904603316 005 20221108011512.0 035 $a(CKB)1000000000649435 035 $a(EEBO)2240961253 035 $a(OCoLC)12036914 035 $a(EXLCZ)991000000000649435 100 $a19850515d1659 uy | 101 0 $aeng 135 $aurbn||||a|bb| 200 12$aA declaration from the people called Quakers, to the present distracted nation of England$b[electronic resource] $ewith mourning and lamentation over it, because of its breaches .. 210 $aLondon $c[s.n.]$d1659 215 $a[2], 14 p 300 $aReproduction of original in Huntington Library. 300 $a"The substance of this was given forth ... through E. Burrough ... " signed by fifteen other Friends. 300 $aAttributed to Edward Burrough. cf. BM. 330 $aeebo-0113 606 $aSociety of Friends$xDoctrines 606 $aSociety of Friends$zGreat Britain 615 0$aSociety of Friends$xDoctrines. 615 0$aSociety of Friends 700 $aBurrough$b Edward$f1634-1662.$01001305 801 0$bEAA 801 1$bEAA 801 2$bm/c 801 2$bWaOLN 906 $aBOOK 912 $a996389904603316 996 $aA declaration from the people called Quakers, to the present distracted nation of England$92313751 997 $aUNISA